Are you an aviationgeek? - Statistics

General Stats
  • This quiz has been taken 126 times
  • The average score is 12 of 20
Answer Stats
Question Answer % Correct
#3.What is the largest commercial aircraft in the present day? Airbus A380-800
89%
#5.What does B stands in Phonic Alphabet (Aka Pilot's Alphabet)? Bravo
88%
#4.Which airline is the largest operater of the aircraft above? Emirates
87%
#9.Who were the first humans to ever fly? Wright Brothers
84%
#20.The front area where the flight crew controls the aircraft. Cockpit
78%
#16.IATA Code for Los Angeles International Airport LAX
77%
#8.What is the basic word for first officer? Co-pilot
75%
#15.IATA Code for John F. Kennedy International Airport JFK
75%
#19.A sudden loss of lift when airspeed is too low or the angle of attack is too high. Stall
73%
#6.What is the full form for APU? Auxiliary Power Unit
71%
#7.What is the full form of ETA? Estimated Time of Arrival
71%
#14.A leveled strip of smooth ground which aircraft takeoff and land. Runway
69%
#18.The main body of the aircraft. Fuselage
62%
#1.What is the full form of ATC? Air Traffic Controller
55%
#12.What is the full form of IFR? Instrument Flight Rules
44%
#10.What aircraft did the Wright brothers fly? Wright Flyer
36%
#11.What is the best airline in the world according to Skytrax (2025)? Qatar Airways
30%
#2.What was the largest aircraft ever made? Antonov An-225 Mriya
21%
#13.What is the full form of FAA? Federal Avition Administration
3%
#17.The forward force from engines that propels the aircraft. Thurst
3%
No matching quizzes found
Score Distribution
Percent of People with Each Score
Percentile by Number Answered
Your Score History
You have not taken this quiz